书目信息 |
| 书名: | THE TIMETABLES OF HISTORY | |
| 作者: | by BERNARD GRUN. | |
| 分册号: | ||
| 分册名: | 出版地: | NEW YORK : |
|
| 出版社: | SIMON & SCHUSTER,INC | |
| 出版时间: | 1979. | |
| 页数: | 676 p. ; | |
| 开本: | 26cm. | |
| 丛书名: | ||
| 中图分类号: | ||
| 科图分类号: | ||
| 其他分类号: | K108 | |
| 主题词: | ||
| 电子资源: | ||
| 000 | 00466nam 2200157 a 4500 | |
| 001 | E0761755312 | |
| 005 | 20070515171354.00 | |
| 008 | 070515s1979 00010 eng | |
| 020 | @a0-671-24988-6. | |
| 040 | @aPFT@beng | |
| 090 | @aK108 | |
| 099 | @dK108@ex22 | |
| 245 | @aTHE TIMETABLES OF HISTORY :@ba horizontal linkage of people and events / @cby BERNARD GRUN. | |
| 260 | @aNEW YORK :@bSIMON & SCHUSTER,INC.,@c1979. | |
| 300 | @a676 p. ;@c26cm. | |
| 700 | @aby GRUN,BERNARD | |
| THE TIMETABLES OF HISTORY : : a horizontal linkage of people and events / / by BERNARD GRUN.-NEW YORK : : SIMON & SCHUSTER,INC., , 1979. |
| 676 p. ; ; 26cm. |
| ISBN 0-671-24988-6. |
| ● |
| 相关链接 |
|
|
|
|
正题名:THE TIMETABLES OF HISTORY
索取号:K108/x22
 
预约/预借
| 序号 | 登录号 | 条形码 | 馆藏地/架位号 | 状态 | 备注 |
| 1 | 9780 | 300097801 | 第二样本阅览室/ [索取号:K108/x22] | 在馆 |